Statistics for Transportation Vocabulary Words in Spanish

Click here to take the quiz!

General Stats

  • This quiz has been taken 3,565 times
  • The average score is 11 of 20

Answer Stats

English Español % Correct
busautobús
97%
carcoche
89%
traintren
89%
taxitaxi
81%
streetcalle
80%
stationestación
79%
walkcaminar
72%
airportaeropuerto
69%
airplaneavión
64%
terminalterminal
57%
boatbarco
52%
subwaymetro
46%
routeruta
43%
ticketbillete
42%
truckcamión
36%
bus stopparada de autobús
32%
elevatorascensor
28%
freewayautopista
26%
highwaycarretera
20%
sidewalkacera
18%

Score Distribution

Percentile by Number Answered

Percent of People with Each Score

Your Score History

You have not taken this quiz